Central Library OPAC University of Rajshahi

মেশকাত শরীফ : (Record no. 76671)

MARC details
000 -LEADER
fixed length control field 01039nam a2200241 4500
001 - CONTROL NUMBER
control field 76671
003 - CONTROL NUMBER IDENTIFIER
rucl marc code BD-RjUL
005 - DATE AND TIME OF LATEST TRANSACTION
control field 20211209082854.0
008 - FIXED-LENGTH DATA ELEMENTS--GENERAL INFORMATION
fixed length control field 191231s2001 bg ||||| |||| 00| 0 ben d
020 ## - INTERNATIONAL STANDARD BOOK NUMBER
Terms of availability : TK 112.00 (V-1: 12th Printing, 2001)
035 ## - SYSTEM CONTROL NUMBER
System control number (BD-RjUL)76895
040 ## - CATALOGING SOURCE
Original cataloging agency BD-RjUL
Language of cataloging ben
Transcribing agency BD-RjUL
041 ## - LANGUAGE CODE
Language code of text/sound track or separate title ben
082 ## - DEWEY DECIMAL CLASSIFICATION NUMBER
Edition number 23
Classification number 297.12516
Author mark and year AJM V-1 2001
100 1# - MAIN ENTRY--PERSONAL NAME
Personal name আ'জমী, নূর মোহাম্মদ
9 (RLIN) 237247
245 10 - TITLE STATEMENT
Title মেশকাত শরীফ :
Remainder of title বঙ্গানুবাদ ও ব্যাখ্যাসহ /
Statement of responsibility, etc. নূর মোহাম্মদ আ'জমী
260 ## - PUBLICATION, DISTRIBUTION, ETC. (IMPRINT)
Place of publication, distribution, etc. ঢাকা :
Name of publisher, distributor, etc. এমদাদিয়া লাইব্রেরী,
Date of publication, distribution, etc. ২০০১ [১২শ মুদ্রণ]
300 ## - PHYSICAL DESCRIPTION
Pagination খণ্ড ;
Size ২২ সেমি.
505 0# - FORMATTED CONTENTS NOTE
Formatted contents note খণ্ড ১ --
650 ## - SUBJECT ADDED ENTRY--TOPICAL TERM
Topical term or geographic name as entry element হাদীস
General subdivision বঙ্গানুবাদ ও ব্যাখ্যা
9 (RLIN) 237234
Topical term or geographic name as entry element Hadith
General subdivision Bengali Translation and Interpretation
9 (RLIN) 237235
942 ## - ADDED ENTRY ELEMENTS (KOHA)
Source of classification or shelving scheme Dewey Decimal Classification
Koha item type Books
Holdings
Lost status Source of classification or shelving scheme Damaged status Not for loan Collection code Permanent Location Current Location Shelving location Date acquired Source of acquisition Cost, normal purchase price Total Checkouts Full call number Date last seen Copy number Koha item type
  Dewey Decimal Classification     Non-fiction Central Library, University of Rajshahi Central Library, University of Rajshahi   26/11/2007 The Author 112.00   B 297.12516 AJM V-1 2001 31/12/2019 C-2 Books